[Event "Bad Woerishofen Sen"]
[Site "Bad Woerishofen"]
[Date "2001.??.??"]
[Round "9"]
[White "Neumann, Erwin"]
[Black "Richter, Gerhard"]
[Result "1/2-1/2"]
[WhiteElo "1794"]
[BlackElo "1913"]
[Annotator "ChessOrg"]
[PlyCount "125"]
[EventDate "1998.03.05"]
[Source "ChessBase"]
[SourceDate "1998.04.29"]

1. e4 d6 2. d4 Nf6 3. Bd3 e5 4. c3 c6 5. Ne2 Be7 6. O-O Nbd7 7. Nd2 a6 8. h3 b5
9. Nf3 Bb7 10. Ng3 g6 11. a4 Qc7 12. axb5 cxb5 13. Be3 h5 14. Ng5 h4 15. Ne2
Nh7 16. f4 Qd8 17. Nxf7 Kxf7 18. fxe5+ Kg7 19. Nf4 Ndf8 20. exd6 Bg5 21. e5
Bxf4 22. Bxf4 Bd5 23. Qd2 g5 24. Be3 Ne6 25. Rf5 Rf8 26. Raf1 Ra7 27. Qc2 Rxf5
28. Rxf5 Nef8 29. c4 Be6 30. Rxf8 Nxf8 31. d5 Ra8 32. dxe6 Nxe6 33. c5 Qa5 34.
Qc1 b4 35. Bxg5 Qxc5+ 36. Qxc5 Nxc5 37. Bc4 Kg6 38. Bxh4 Kf5 39. Bf6 a5 40. Bd5
Ra7 41. g4+ Kg6 42. h4 a4 43. h5+ Kh7 44. e6 Nd7 45. exd7 Rxd7 46. Be7 a3 47.
bxa3 bxa3 48. Be6 Ra7 49. d7 a2 50. Bxa2 Rxd7 51. Bf6 Rd1+ 52. Kg2 Rd2+ 53. Kg3
Rxa2 54. g5 Ra4 55. Be5 Re4 56. Bf4 Re1 57. Kg4 Rb1 58. g6+ Kg7 59. Kf5 Rb5+
60. Be5+ Kh6 61. g7 Rxe5+ 62. Kxe5 Kxg7 63. Kf5 1/2-1/2

[Event "Bad Woerishofen Sen"]
[Site "Bad Woerishofen"]
[Date "2001.??.??"]
[Round "1"]
[White "Niebaum, Karl"]
[Black "Girod, Gudrun"]
[Result "1-0"]
[WhiteElo "1783"]
[BlackElo "1385"]
[Annotator "ChessOrg"]
[PlyCount "61"]
[EventDate "1998.03.05"]
[Source "ChessBase"]
[SourceDate "1998.04.29"]

1. d4 d5 2. Nf3 e6 3. c4 Nf6 4. Nc3 Be7 5. e3 c6 6. Qc2 Nbd7 7. Bd3 Qc7 8. O-O
O-O 9. e4 dxe4 10. Nxe4 Nxe4 11. Bxe4 Nf6 12. Bd3 h6 13. b3 b6 14. c5 Bb7 15.
Bb2 Nd5 16. a3 Rad8 17. Rfd1 Kh8 18. b4 Nf4 19. Bf1 Bf6 20. g3 Nd5 21. Rac1 Qe7
22. Nd2 b5 23. Ne4 Bg5 24. Rb1 f5 25. Nd6 Qc7 26. Re1 Bc8 27. Qe2 Qe7 28. Nxc8
Rxc8 29. Qxe6 f4 30. Qe4 Qd7 31. Qd3 1-0

[Event "Bad Woerishofen Sen"]
[Site "Bad Woerishofen"]
[Date "2001.??.??"]
[Round "3"]
[White "Niebaum, Karl"]
[Black "Kuhnert, Werner"]
[Result "1-0"]
[WhiteElo "1783"]
[BlackElo "1116"]
[Annotator "ChessOrg"]
[PlyCount "83"]
[EventDate "1998.03.05"]
[Source "ChessBase"]
[SourceDate "1998.04.29"]

1. e4 d6 2. d4 e6 3. Nc3 d5 4. Nf3 a6 5. Bd3 Nc6 6. e5 Be7 7. a3 h6 8. Be3 Na7
9. O-O Bd7 10. Nd2 Bb5 11. Nxb5 Nxb5 12. f4 g6 13. Qg4 h5 14. Qe2 Qd7 15. Nf3
O-O-O 16. a4 Na7 17. c4 Nh6 18. c5 c6 19. b4 Kc7 20. Rfb1 Rb8 21. Bd2 Kc8 22.
b5 cxb5 23. axb5 Nxb5 24. Bxb5 axb5 25. Rxb5 Bd8 26. Rab1 Qc6 27. Qd3 Re8 28.
Qb3 Re7 29. Be1 Nf5 30. h3 Rd7 31. Kh2 h4 32. Bf2 Ra8 33. Be1 Kb8 34. Bd2 Ra6
35. Qb2 Ra8 36. Ng1 Ra6 37. Ne2 Ra8 38. g4 hxg3+ 39. Nxg3 Nxd4 40. Qxd4 Ra2 41.
Ne2 Rc2 42. Nc3 1-0

[Event "Bad Woerishofen Sen"]
[Site "Bad Woerishofen"]
[Date "2001.??.??"]
[Round "5"]
[White "Niebaum, Karl"]
[Black "Bierwisch, Bernhard"]
[Result "0-1"]
[WhiteElo "1783"]
[BlackElo "2161"]
[Annotator "ChessOrg"]
[PlyCount "104"]
[EventDate "1998.03.05"]
[Source "ChessBase"]
[SourceDate "1998.04.29"]

1. d4 Nf6 2. Bg5 Ne4 3. h4 c5 4. dxc5 Qa5+ 5. c3 Qxc5 6. Be3 Qc7 7. Nd2 Nf6 8.
Ngf3 Nc6 9. g3 Ng4 10. Bc5 d6 11. Ba3 g6 12. h5 Bh6 13. hxg6 hxg6 14. e3 Be6
15. Bg2 O-O-O 16. Nd4 Nxd4 17. cxd4 Qa5 18. Rc1+ Kb8 19. Qf3 Qb5 20. Nb1 Nf6
21. Nc3 Qa6 22. Qe2 Bc4 23. Qd2 Rc8 24. f4 Bg7 25. Rxh8 Rxh8 26. Kf2 Ng4+ 27.
Kg1 Qa5 28. d5 Qb6 29. Nd1 Bxa2 30. Bb4 Bb3 31. Bc3 Bxc3 32. Qxc3 f6 33. Qd4
Bxd1 34. Qxb6 axb6 35. Rxd1 Nxe3 36. Re1 Nxg2 37. Kxg2 Rh5 38. Rd1 Kc7 39. b4
b5 40. g4 Rh8 41. Kg3 Ra8 42. f5 Ra3+ 43. Kf2 gxf5 44. gxf5 Rc3 45. Rd4 Kd7 46.
Ke2 Ke8 47. Kf2 Kf7 48. Ke2 Rc4 49. Kd3 Rxd4+ 50. Kxd4 Kg7 51. Ke4 Kh6 52. Kf4
Kh5 0-1

[Event "Bad Woerishofen Sen"]
[Site "Bad Woerishofen"]
[Date "2001.??.??"]
[Round "7"]
[White "Niebaum, Karl"]
[Black "Nefzger, Franz"]
[Result "1-0"]
[WhiteElo "1783"]
[BlackElo "1653"]
[Annotator "ChessOrg"]
[PlyCount "75"]
[EventDate "1998.03.05"]
[Source "ChessBase"]
[SourceDate "1998.04.29"]

1. d4 d5 2. Nf3 Nf6 3. c4 Bf5 4. Nc3 e6 5. Qb3 b6 6. Bg5 Be7 7. e3 O-O 8. Bxf6
Bxf6 9. cxd5 Re8 10. dxe6 Bxe6 11. Qa4 Bd7 12. Qc2 Bc6 13. Be2 Bb7 14. O-O Ba6
15. Bxa6 Nxa6 16. Qa4 Nb8 17. Nd5 Nd7 18. Nxf6+ Nxf6 19. Rac1 a5 20. Ne5 Rc8
21. Rc6 Nd5 22. a3 Ne7 23. Rc2 Nf5 24. Rfc1 Nd6 25. Qb3 Re6 26. g3 Ne8 27. Rc6
Nd6 28. Qc2 Re7 29. Nc4 Nxc4 30. Qxc4 g6 31. Rxb6 Rb8 32. Rxb8 Qxb8 33. b4 axb4
34. Qxb4 Qe8 35. Qc4 Qc8 36. Qc6 Qb8 37. a4 Qa7 38. Qc5 1-0

[Event "Bad Woerishofen Sen"]
[Site "Bad Woerishofen"]
[Date "2001.??.??"]
[Round "9"]
[White "Niebaum, Karl"]
[Black "Thonig, Manfred"]
[Result "1-0"]
[WhiteElo "1783"]
[BlackElo "1587"]
[Annotator "ChessOrg"]
[PlyCount "127"]
[EventDate "1998.03.05"]
[Source "ChessBase"]
[SourceDate "1998.04.29"]

1. d4 f5 2. g3 Nf6 3. Bg2 e6 4. Nf3 Be7 5. O-O c6 6. Nbd2 d6 7. Re1 O-O 8. e4
fxe4 9. Nxe4 Nxe4 10. Rxe4 d5 11. Re1 Qb6 12. c3 Na6 13. b4 Bf6 14. Bf4 Qd8 15.
Qc2 Nc7 16. Bh3 Re8 17. Re2 Nb5 18. Rae1 Na3 19. Qd3 Nc4 20. Bxe6+ Bxe6 21.
Rxe6 Rxe6 22. Rxe6 Kf7 23. Re2 h6 24. Qf5 Qc8 25. Qh5+ Kf8 26. Ne5 Bxe5 27.
Bxe5 Nxe5 28. Rxe5 Qd7 29. Qf3+ Kg8 30. Qe2 Rf8 31. Kg2 Rf7 32. Re8+ Kh7 33.
Qd3+ g6 34. Qe2 b5 35. Qe6 Qxe6 36. Rxe6 Rc7 37. f4 Kg7 38. Kf3 Kf7 39. f5 gxf5
40. Rxh6 Kg7 41. Rd6 a5 42. a3 axb4 43. axb4 Rc8 44. Kf4 Rc7 45. Kxf5 Rf7+ 46.
Kg5 Rf2 47. Rxc6 Rxh2 48. Rc7+ Kf8 49. g4 Rf2 50. Kg6 Rf3 51. g5 Ke8 52. Rc5
Ke7 53. Rxd5 Rxc3 54. Rxb5 Rc4 55. d5 Rc7 56. Rb6 Kf8 57. d6 Rg7+ 58. Kf6 Rf7+
59. Ke6 Rf1 60. Rb8+ Kg7 61. d7 Re1+ 62. Kf5 Rf1+ 63. Kg4 Rg1+ 64. Kf3 1-0

[Event "Bad Woerishofen Sen"]
[Site "Bad Woerishofen"]
[Date "2001.??.??"]
[Round "1"]
[White "Ofstad, Per"]
[Black "Hartmann, Rudi"]
[Result "1/2-1/2"]
[WhiteElo "2194"]
[BlackElo "1740"]
[Annotator "ChessOrg"]
[PlyCount "92"]
[EventDate "1998.03.05"]
[Source "ChessBase"]
[SourceDate "1998.04.29"]

1. c4 Nf6 2. Nc3 e6 3. d4 d5 4. e3 c6 5. Nf3 Be7 6. Qc2 O-O 7. b3 Nbd7 8. Bb2
b6 9. Bd3 Bb7 10. O-O Rc8 11. e4 dxe4 12. Nxe4 Nxe4 13. Bxe4 Nf6 14. Rad1 Qc7
15. Bd3 Rfd8 16. Qe2 Qd6 17. Rfe1 Qc7 18. a3 Re8 19. Bc2 Rcd8 20. h3 Nd7 21.
Nh2 Nf6 22. Nf3 Nd7 23. Qe4 g6 24. Qe3 Bf6 25. Ba1 Qb8 26. Nh2 Qc7 27. Ng4 Bg7
28. Nh6+ Kf8 29. Bc3 a5 30. Ng4 h5 31. Nh2 c5 32. dxc5 Nxc5 33. Nf3 Bxc3 34.
Qxc3 Kg8 35. Qe3 Kg7 36. b4 axb4 37. axb4 Nd7 38. Qc3+ Kg8 39. Ba4 Ba6 40. Bb3
Rc8 41. Qe3 Bb7 42. Nd4 Ba6 43. Rc1 Qd6 44. b5 Bb7 45. Rcd1 Qc7 46. Rc1 Nc5
1/2-1/2

[Event "Bad Woerishofen Sen"]
[Site "Bad Woerishofen"]
[Date "2001.??.??"]
[Round "3"]
[White "Ofstad, Per"]
[Black "Leschhorn, Heinrich"]
[Result "1/2-1/2"]
[WhiteElo "2194"]
[BlackElo "1821"]
[Annotator "ChessOrg"]
[PlyCount "55"]
[EventDate "1998.03.05"]
[Source "ChessBase"]
[SourceDate "1998.04.29"]

1. e4 Nf6 2. e5 Nd5 3. d4 d6 4. Nf3 Bg4 5. c4 Nb6 6. Be2 Nc6 7. exd6 exd6 8.
O-O Be7 9. b3 O-O 10. Bb2 Bf6 11. Nbd2 Re8 12. Re1 Bf5 13. Nf1 Nb4 14. Ne3 Rxe3
15. fxe3 Nc2 16. Bd3 Bxd3 17. Qxd3 Nxe1 18. Rxe1 Qd7 19. h3 Re8 20. a4 Qd8 21.
Bc3 Nd7 22. b4 c5 23. Rd1 cxb4 24. Bxb4 Qc7 25. Nd2 Qc6 26. a5 d5 27. cxd5 Qxd5
28. Nf3 1/2-1/2

[Event "Bad Woerishofen Sen"]
[Site "Bad Woerishofen"]
[Date "2001.??.??"]
[Round "5"]
[White "Ofstad, Per"]
[Black "Peters, Paul"]
[Result "1/2-1/2"]
[WhiteElo "2194"]
[BlackElo "1950"]
[Annotator "ChessOrg"]
[PlyCount "33"]
[EventDate "1998.03.05"]
[Source "ChessBase"]
[SourceDate "1998.04.29"]

1. e4 d5 2. exd5 Nf6 3. d4 Bg4 4. Nf3 Qxd5 5. Be2 Nc6 6. h3 Bh5 7. O-O O-O-O 8.
Be3 e6 9. Nbd2 Kb8 10. c4 Qf5 11. a3 Bd6 12. Nh4 Bxe2 13. Qxe2 Qh5 14. Qxh5
Nxh5 15. Ne4 Be7 16. Nf3 Rhf8 17. Nc3 1/2-1/2

[Event "Bad Woerishofen Sen"]
[Site "Bad Woerishofen"]
[Date "2001.??.??"]
[Round "7"]
[White "Ofstad, Per"]
[Black "Servaty, Rudolf"]
[Result "1/2-1/2"]
[WhiteElo "2194"]
[BlackElo "2260"]
[Annotator "ChessOrg"]
[PlyCount "93"]
[EventDate "1998.03.05"]
[Source "ChessBase"]
[SourceDate "1998.04.29"]

1. e4 c5 2. c3 e6 3. d4 d5 4. exd5 exd5 5. Nf3 Nc6 6. Bb5 Bd6 7. dxc5 Bxc5 8.
O-O Nge7 9. Bd3 Bg4 10. Nbd2 Bh5 11. Nb3 Bd6 12. Be3 Ne5 13. Nbd4 Nxd3 14. Qxd3
O-O 15. h3 Nc6 16. Rfe1 a6 17. Nxc6 bxc6 18. Bd4 Bg6 19. Qd2 f6 20. Be3 Qc7 21.
Nd4 Rfe8 22. Nb3 Bf7 23. Nc5 a5 24. Bd4 a4 25. b4 axb3 26. axb3 Rxa1 27. Rxa1
Bh2+ 28. Kh1 Bf4 29. Qd1 Bd6 30. b4 Qe7 31. Kg1 Bh5 32. Qd2 g5 33. Nd3 Bg6 34.
Re1 Qd8 35. Rxe8+ Qxe8 36. Qe1 Qxe1+ 37. Nxe1 Kf7 38. g4 h5 39. f3 Bf4 40. Kf2
h4 41. Ng2 Bg3+ 42. Ke2 f5 43. Ne3 fxg4 44. Nxg4 Ke6 45. Be3 Kf5 46. Nh6+ Kf6
47. Ng4+ 1/2-1/2

[Event "Bad Woerishofen Sen"]
[Site "Bad Woerishofen"]
[Date "2001.??.??"]
[Round "9"]
[White "Ofstad, Per"]
[Black "Bareth, Walter"]
[Result "1/2-1/2"]
[WhiteElo "2194"]
[BlackElo "1876"]
[Annotator "ChessOrg"]
[PlyCount "22"]
[EventDate "1998.03.05"]
[Source "ChessBase"]
[SourceDate "1998.04.29"]

1. e4 e6 2. d4 d5 3. Nd2 dxe4 4. Nxe4 Bd7 5. Nf3 Bc6 6. Bd3 Nd7 7. O-O Ngf6 8.
Nxf6+ Nxf6 9. Qe2 Be7 10. c3 Bxf3 11. Qxf3 c6 1/2-1/2

[Event "Bad Woerishofen Sen"]
[Site "Bad Woerishofen"]
[Date "2001.??.??"]
[Round "1"]
[White "Ohmstede, Rudolf"]
[Black "Fels, Karl-Heinz"]
[Result "1-0"]
[WhiteElo "1648"]
[BlackElo "1850"]
[Annotator "ChessOrg"]
[PlyCount "145"]
[EventDate "1998.03.05"]
[Source "ChessBase"]
[SourceDate "1998.04.29"]

1. d4 Nf6 2. Nf3 e6 3. Bf4 d5 4. h3 c5 5. c3 Nc6 6. e3 c4 7. Nbd2 Bd6 8. Ne5
Qc7 9. Ndf3 O-O 10. Ng4 Ne4 11. Bxd6 Qxd6 12. Nd2 Nxd2 13. Qxd2 f5 14. Nh2 b5
15. f4 a5 16. Nf3 Bd7 17. Be2 b4 18. O-O Rab8 19. Rfd1 bxc3 20. bxc3 a4 21. Ne5
Nxe5 22. dxe5 Qc5 23. Rab1 a3 24. Rb4 Rxb4 25. cxb4 Qb5 26. Qc3 Rb8 27. Rb1 Ra8
28. Kf2 Qb6 29. Rd1 Bb5 30. Rc1 Qa7 31. Ke1 Re8 32. Qd4 Ra8 33. Kd2 Qa6 34. Qc3
g6 35. Bf3 Rd8 36. Qd4 h5 37. Kc3 Kf7 38. Rh1 Ba4 39. Bd1 Rc8 40. Bxa4 Qxa4 41.
Rb1 Qb5 42. Qa7+ Kg8 43. Qe7 Re8 44. Qc5 Rb8 45. Qd6 Rb6 46. Qd8+ Kg7 47. Qf6+
Kh7 48. Qf7+ Kh6 49. g4 fxg4 50. hxg4 g5 51. Qxh5+ Kg7 52. Qxg5+ Kf7 53. Qf6+
Kg8 54. g5 d4+ 55. exd4 Qd5 56. Qg6+ Kf8 57. Qh6+ Kg8 58. Qh3 Qe4 59. Rh1 Qd3+
60. Qxd3 cxd3 61. Rb1 Kf7 62. Kxd3 Kg6 63. Ke4 Rb5 64. Rb3 Rb6 65. b5 Kf7 66.
d5 exd5+ 67. Kxd5 Kg6 68. Rb4 Kf5 69. Kc5 Rb8 70. b6 Ke6 71. b7 Kd7 72. Kb6 Re8
73. Ka7 1-0

[Event "Bad Woerishofen Sen"]
[Site "Bad Woerishofen"]
[Date "2001.??.??"]
[Round "3"]
[White "Ohmstede, Rudolf"]
[Black "Claus, Joachim"]
[Result "0-1"]
[WhiteElo "1648"]
[BlackElo "1790"]
[Annotator "ChessOrg"]
[PlyCount "114"]
[EventDate "1998.03.05"]
[Source "ChessBase"]
[SourceDate "1998.04.29"]

1. d4 Nf6 2. Nf3 g6 3. c3 Bg7 4. Bf4 d5 5. h3 Nbd7 6. Nbd2 c5 7. e3 b6 8. Be2
Bb7 9. O-O O-O 10. Rc1 Re8 11. Bb5 a6 12. Bxd7 Nxd7 13. b4 Rc8 14. bxc5 bxc5
15. Rb1 Bc6 16. Re1 Qa5 17. Nb3 Qxc3 18. Rc1 Qb4 19. Nxc5 Nxc5 20. Rxc5 Ba4 21.
Qb1 Qxb1 22. Rxb1 Rxc5 23. dxc5 e5 24. Bg3 Bb5 25. Rc1 f6 26. Nd2 Rc8 27. f4
Bf8 28. Nb3 exf4 29. exf4 Bc4 30. Bf2 a5 31. Nxa5 Bxc5 32. Nxc4 dxc4 33. Bxc5
Rxc5 34. Kf2 Ra5 35. Rc2 Ra3 36. Ke2 Kf7 37. Kd1 Ke6 38. Kc1 Kd5 39. Kb2 Rg3
40. a4 Kc5 41. f5 Kb4 42. fxg6 hxg6 43. h4 Rg4 44. Rf2 f5 45. h5 gxh5 46. a5 f4
47. a6 Rg6 48. a7 Ra6 49. Rxf4 Rxa7 50. Rh4 Rg7 51. Rh2 Rg3 52. Kc2 h4 53. Kd2
Rg4 54. Kc2 Rf4 55. Kc1 Kb3 56. Kd2 c3+ 57. Ke3 Rc4 0-1

[Event "Bad Woerishofen Sen"]
[Site "Bad Woerishofen"]
[Date "2001.??.??"]
[Round "7"]
[White "Ohmstede, Rudolf"]
[Black "Kuhnert, Werner"]
[Result "1-0"]
[WhiteElo "1648"]
[BlackElo "1116"]
[Annotator "ChessOrg"]
[PlyCount "61"]
[EventDate "1998.03.05"]
[Source "ChessBase"]
[SourceDate "1998.04.29"]

1. d4 e6 2. Nf3 d5 3. c3 Nf6 4. Bf4 Be7 5. h3 Nbd7 6. e3 a6 7. Nbd2 b5 8. a3 c6
9. Bd3 Nh5 10. Bh2 Nhf6 11. O-O h6 12. Re1 Nb6 13. b3 Bd6 14. Ne5 Bb7 15. f4
Qe7 16. b4 O-O-O 17. Nb3 Qf8 18. Nc5 Bxc5 19. bxc5 Nbd7 20. a4 Nxe5 21. fxe5
Nd7 22. axb5 axb5 23. Qc2 Kc7 24. e4 f6 25. exd5 cxd5 26. exf6+ Kc8 27. c6 Bxc6
28. Rxe6 gxf6 29. Rxc6+ Kb7 30. Rc7+ Kb6 31. Qb2 1-0

[Event "Bad Woerishofen Sen"]
[Site "Bad Woerishofen"]
[Date "2001.??.??"]
[Round "9"]
[White "Ohmstede, Rudolf"]
[Black "Antusch, Ingrid"]
[Result "1/2-1/2"]
[WhiteElo "1648"]
[BlackElo "1700"]
[Annotator "ChessOrg"]
[PlyCount "56"]
[EventDate "1998.03.05"]
[Source "ChessBase"]
[SourceDate "1998.04.29"]

1. d4 f5 2. c4 Nf6 3. Nc3 e6 4. Nf3 c6 5. g3 d5 6. cxd5 exd5 7. Bg2 Bd6 8. O-O
O-O 9. Bg5 Qe8 10. e3 Nbd7 11. Bf4 Bb8 12. Bxb8 Rxb8 13. Qc2 Ne4 14. Rfe1 Qe6
15. Rac1 Ndf6 16. h3 Bd7 17. Ne5 Rbe8 18. Ne2 g5 19. Rf1 Nh5 20. Kh2 Re7 21. f3
Nd6 22. b3 Nf7 23. f4 Qf6 24. Rce1 Qg7 25. Rg1 Nf6 26. Qc5 Nh6 27. Nc1 Rxe5 28.
dxe5 Nfg4+ 1/2-1/2

[Event "Bad Woerishofen Sen"]
[Site "Bad Woerishofen"]
[Date "2001.??.??"]
[Round "2"]
[White "Oser, Thor"]
[Black "Xander, Karl"]
[Result "0-1"]
[WhiteElo "1700"]
[BlackElo "1920"]
[Annotator "ChessOrg"]
[PlyCount "46"]
[EventDate "1998.03.05"]
[Source "ChessBase"]
[SourceDate "1998.04.29"]

1. e4 c5 2. f4 Nc6 3. Nf3 g6 4. c3 Bg7 5. Be2 d5 6. e5 d4 7. d3 f6 8. O-O fxe5
9. fxe5 Nxe5 10. Ng5 Nf6 11. Bf4 Nc6 12. Bf3 h6 13. Ne4 Qb6 14. Nxf6+ Bxf6 15.
Be4 Kf7 16. Qc2 Kg7 17. Kh1 Be6 18. Na3 dxc3 19. bxc3 Qa5 20. Nc4 Qxc3 21. Qf2
Bxc4 22. Rac1 Qd4 23. Qg3 Bf7 0-1

[Event "Bad Woerishofen Sen"]
[Site "Bad Woerishofen"]
[Date "2001.??.??"]
[Round "4"]
[White "Oser, Thor"]
[Black "Hennige, Anneliese"]
[Result "1-0"]
[WhiteElo "1700"]
[BlackElo "1700"]
[Annotator "ChessOrg"]
[PlyCount "65"]
[EventDate "1998.03.05"]
[Source "ChessBase"]
[SourceDate "1998.04.29"]

1. e4 c5 2. f4 Nf6 3. Nc3 e6 4. e5 Ng8 5. Nf3 f6 6. Bc4 g6 7. a3 Bg7 8. Ne4 b6
9. Nd6+ Kf8 10. c3 Ne7 11. O-O Nbc6 12. Nxc8 Qxc8 13. Qe2 Nb8 14. d3 h6 15. Bd2
Qc6 16. d4 b5 17. Bd3 c4 18. Be4 Nd5 19. Bxg6 Ne7 20. Be4 Nd5 21. exf6 Bxf6 22.
Ne5 Qc8 23. Ng6+ Kg7 24. Nxh8 Kxh8 25. f5 Qc6 26. Bxh6 Qc8 27. fxe6 dxe6 28.
Bxd5 exd5 29. Rxf6 Nd7 30. Rf7 Qe8 31. Qxe8+ Rxe8 32. Rxd7 Re6 33. Rf1 1-0

[Event "Bad Woerishofen Sen"]
[Site "Bad Woerishofen"]
[Date "2001.??.??"]
[Round "6"]
[White "Oser, Thor"]
[Black "Philipp, Guenther"]
[Result "1-0"]
[WhiteElo "1700"]
[BlackElo "1752"]
[Annotator "ChessOrg"]
[PlyCount "107"]
[EventDate "1998.03.05"]
[Source "ChessBase"]
[SourceDate "1998.04.29"]

1. e4 d5 2. exd5 Qxd5 3. Nf3 Nf6 4. Be2 Bf5 5. Nc3 Qa5 6. O-O e6 7. d4 c6 8.
Bf4 Nbd7 9. a3 Be7 10. h3 h6 11. Qc1 Nd5 12. Nxd5 cxd5 13. b4 Qd8 14. c4 dxc4
15. Qxc4 O-O 16. Bc7 Qe8 17. Qb5 Be4 18. Bf4 a6 19. Qa4 b5 20. Qd1 Rc8 21. Rc1
Nb6 22. Ne5 Bd5 23. Bh5 Bf6 24. Qg4 g5 25. h4 Qe7 26. Be3 Nc4 27. Nxc4 Bxc4 28.
hxg5 hxg5 29. Rfe1 Kh7 30. f4 Rg8 31. Kf2 Rg7 32. Rh1 Kg8 33. Qh3 Rh7 34. Qg4
Rg7 35. Qh3 Kf8 36. Bf3 Ke8 37. fxg5 Bxg5 38. Qh8+ Qf8 39. Qxf8+ Kxf8 40. Rh8+
Rg8 41. Rxg8+ Kxg8 42. Bxg5 Kg7 43. Bf4 Rd8 44. Ke3 f6 45. Bc7 Rd7 46. Bb6 e5
47. Be4 Kh6 48. Rc2 Kg5 49. Rf2 Rf7 50. dxe5 f5 51. Bd8+ Kg4 52. Rf4+ Kg3 53.
Bh4+ Kh2 54. Rxf5 1-0

[Event "Bad Woerishofen Sen"]
[Site "Bad Woerishofen"]
[Date "2001.??.??"]
[Round "8"]
[White "Oser, Thor"]
[Black "Bartlitz, Heinz"]
[Result "1/2-1/2"]
[WhiteElo "1700"]
[BlackElo "1571"]
[Annotator "ChessOrg"]
[PlyCount "56"]
[EventDate "1998.03.05"]
[Source "ChessBase"]
[SourceDate "1998.04.29"]

1. e4 d6 2. d4 Nf6 3. f3 c6 4. Bd3 e5 5. c3 Nbd7 6. Ne2 Be7 7. Be3 b6 8. Ng3 g6
9. Qd2 Nf8 10. Na3 b5 11. Nc2 a6 12. a4 Bb7 13. axb5 axb5 14. O-O Ne6 15. d5
Nc5 16. Rxa8 Bxa8 17. Be2 O-O 18. dxc6 Bxc6 19. Nb4 Bd7 20. Rd1 Qa8 21. Bg5 Nb7
22. f4 exf4 23. Qxf4 Qd8 24. h4 Nc5 25. Bxf6 Bxf6 26. Qxd6 Be7 27. Qd5 Qb6 28.
Kh1 Bxh4 1/2-1/2

[Event "Bad Woerishofen Sen"]
[Site "Bad Woerishofen"]
[Date "2001.??.??"]
[Round "9"]
[White "Oser, Thor"]
[Black "Josting, Friedel"]
[Result "1/2-1/2"]
[WhiteElo "1700"]
[BlackElo "1820"]
[Annotator "ChessOrg"]
[PlyCount "70"]
[EventDate "1998.03.05"]
[Source "ChessBase"]
[SourceDate "1998.04.29"]

1. e4 c5 2. Nf3 Nc6 3. Nc3 g6 4. g3 Bg7 5. Bg2 d6 6. O-O Nf6 7. d3 O-O 8. Rb1
Rb8 9. Ne2 b5 10. a3 a5 11. Ne1 Bg4 12. f3 Bd7 13. f4 a4 14. Nf3 b4 15. Ra1 c4
16. axb4 Nxb4 17. Nc3 cxd3 18. cxd3 Qb6+ 19. d4 Rfc8 20. h3 Rc4 21. Kh2 h6 22.
Re1 Ne8 23. Qe2 Rbc8 24. Rd1 R4c7 25. Be3 Qb8 26. Rd2 Nf6 27. Ne1 Be8 28. e5
Nh7 29. Ra3 Bf8 30. Bf3 dxe5 31. fxe5 e6 32. Ra1 Rc4 33. Bg4 Bb5 34. Qg2 R4c7
35. Nxb5 Qxb5 1/2-1/2

[Event "Bad Woerishofen Sen"]
[Site "Bad Woerishofen"]
[Date "2001.??.??"]
[Round "1"]
[White "Ottmann, Josef"]
[Black "Ruppelt, Guenter"]
[Result "1/2-1/2"]
[WhiteElo "1940"]
[BlackElo "1700"]
[Annotator "ChessOrg"]
[PlyCount "86"]
[EventDate "1998.03.05"]
[Source "ChessBase"]
[SourceDate "1998.04.29"]

1. e4 d6 2. d4 Nf6 3. Nc3 g6 4. Nf3 Bg7 5. Be2 c6 6. O-O O-O 7. Be3 b6 8. Qd2
Ng4 9. Bg5 h6 10. Bh4 Nf6 11. Rad1 d5 12. exd5 Nxd5 13. Nxd5 cxd5 14. Ne5 Qe8
15. Qb4 g5 16. Bg3 Ba6 17. Bxa6 Nxa6 18. Qa3 Nb8 19. Rfe1 e6 20. h3 Nc6 21. Nf3
Qc8 22. c3 Re8 23. Qa4 a6 24. Qc2 b5 25. Qb1 Qd7 26. Ne5 Nxe5 27. Bxe5 f6 28.
Bg3 Qf7 29. Qd3 Rac8 30. Rd2 Bf8 31. a3 Rc6 32. Rde2 Kg7 33. Re3 Qg6 34. Qe2 f5
35. Be5+ Kh7 36. f4 Bg7 37. Rg3 Rg8 38. Bxg7 Qxg7 39. fxg5 hxg5 40. Qh5+ Qh6
41. Qf7+ Qg7 42. Qxg7+ Rxg7 43. Rge3 Rg6 1/2-1/2

[Event "Bad Woerishofen Sen"]
[Site "Bad Woerishofen"]
[Date "2001.??.??"]
[Round "3"]
[White "Ottmann, Josef"]
[Black "Hartmann, Rudi"]
[Result "1-0"]
[WhiteElo "1940"]
[BlackElo "1740"]
[Annotator "ChessOrg"]
[PlyCount "37"]
[EventDate "1998.03.05"]
[Source "ChessBase"]
[SourceDate "1998.04.29"]

1. e4 c5 2. c3 d5 3. exd5 Qxd5 4. d4 Nc6 5. Nf3 e6 6. Be2 Nf6 7. Na3 cxd4 8.
Nb5 Kd7 9. Nbxd4 Bd6 10. O-O Ke7 11. c4 Qa5 12. Nxc6+ bxc6 13. Nd4 Bb7 14. Be3
Rhd8 15. Qb3 Rab8 16. Qxb7+ Rxb7 17. Nxc6+ Kf8 18. Nxa5 Rxb2 19. Bf3 1-0

[Event "Bad Woerishofen Sen"]
[Site "Bad Woerishofen"]
[Date "2001.??.??"]
[Round "5"]
[White "Ottmann, Josef"]
[Black "Kraft, Hans"]
[Result "1-0"]
[WhiteElo "1940"]
[BlackElo "2100"]
[Annotator "ChessOrg"]
[PlyCount "133"]
[EventDate "1998.03.05"]
[Source "ChessBase"]
[SourceDate "1998.04.29"]

1. e4 e6 2. d4 d5 3. Nd2 Nf6 4. e5 Nfd7 5. c3 c5 6. Bd3 Nc6 7. Ne2 cxd4 8. cxd4
f6 9. exf6 Nxf6 10. O-O Bd6 11. Nf3 O-O 12. a3 Qc7 13. Ng3 Bd7 14. Be3 Rae8 15.
Rc1 Bf4 16. Bxf4 Qxf4 17. Bb1 Re7 18. Qd3 Be8 19. Rce1 Bg6 20. Qe3 Qxe3 21.
Rxe3 Bxb1 22. Rxb1 h6 23. Rbe1 Rfe8 24. h3 g5 25. Kf1 Kh7 26. b4 a6 27. Rd3 Kg6
28. Ne5+ Nxe5 29. Rxe5 Nd7 30. Re1 Nb6 31. Rc3 Nc4 32. Re2 b5 33. f3 h5 34. Kf2
Rf8 35. Nf1 Rf4 36. Rd3 Rf6 37. Nd2 Rc7 38. Nb3 Kf7 39. Nc5 Ra7 40. Rd1 a5 41.
Rde1 axb4 42. axb4 Re7 43. Ra1 h4 44. Ra8 Nd6 45. Rd8 Nf5 46. Rd2 Re8 47. Rd7+
Re7 48. Ke2 Rxd7 49. Nxd7 Rh6 50. Kd3 Rh8 51. Ra2 Rc8 52. Nc5 Rc7 53. Ra5 Nd6
54. Ra8 Ne8 55. Nxe6 Kxe6 56. Rxe8+ Kf5 57. Re5+ Kf4 58. Rxd5 Rc1 59. Rxb5 Rg1
60. d5 Rxg2 61. d6 Rg1 62. Rd5 Rd1+ 63. Kc4 Rc1+ 64. Kb5 Rc8 65. d7 Rd8 66. Kc6
Kxf3 67. Rxg5 1-0

[Event "Bad Woerishofen Sen"]
[Site "Bad Woerishofen"]
[Date "2001.??.??"]
[Round "7"]
[White "Ottmann, Josef"]
[Black "Krasinski, Jerzy"]
[Result "1-0"]
[WhiteElo "1940"]
[BlackElo "2200"]
[Annotator "ChessOrg"]
[PlyCount "100"]
[EventDate "1998.03.05"]
[Source "ChessBase"]
[SourceDate "1998.04.29"]

1. e4 c5 2. c3 d6 3. d4 cxd4 4. cxd4 Nf6 5. Nc3 e6 6. Nf3 Be7 7. Be2 a6 8. O-O
O-O 9. e5 dxe5 10. dxe5 Qxd1 11. Rxd1 Nfd7 12. Bf4 b5 13. a3 Bb7 14. Rd2 Nc5
15. Re1 Ne4 16. Nxe4 Bxe4 17. Nd4 Bd5 18. Rc1 h6 19. Bf3 Bxf3 20. Nxf3 g5 21.
Be3 a5 22. Rc7 Re8 23. Kf1 b4 24. a4 Na6 25. Rc4 Red8 26. Bb6 Rxd2 27. Nxd2 Bd8
28. Bxd8 Rxd8 29. Nb3 Kg7 30. Rc6 Nb8 31. Rd6 Rxd6 32. exd6 Nc6 33. d7 Kf8 34.
Nxa5 Nd8 35. Nb7 Ke7 36. Nxd8 Kxd8 37. Ke2 Kxd7 38. Kd3 f5 39. Kc4 Kc6 40. Kxb4
e5 41. Kc4 g4 42. b4 h5 43. b5+ Kd6 44. a5 h4 45. Kd3 Kc5 46. a6 Kb6 47. f3 h3
48. gxh3 gxh3 49. Ke3 Ka7 50. Kf2 f4 1-0

[Event "Bad Woerishofen Sen"]
[Site "Bad Woerishofen"]
[Date "2001.??.??"]
[Round "9"]
[White "Ottmann, Josef"]
[Black "Delander, Adolf"]
[Result "1/2-1/2"]
[WhiteElo "1940"]
[BlackElo "2266"]
[Annotator "ChessOrg"]
[PlyCount "20"]
[EventDate "1998.03.05"]
[Source "ChessBase"]
[SourceDate "1998.04.29"]

1. e4 c6 2. d4 d5 3. exd5 cxd5 4. c4 Nf6 5. Nc3 g6 6. Qb3 Bg7 7. cxd5 O-O 8.
Be2 Nbd7 9. d6 exd6 10. Nf3 Nb6 1/2-1/2